Eastern Utah Libraries Catalog: Duchesne, Heber, Roosevelt, & Vernal

Dinosaur train : big, big, big. (Record no. 283056)

MARC details
000 -LEADER
fixed length control field 01726ngm a22003491a 4500
005 - DATE AND TIME OF LATEST TRANSACTION
control field 20231122144249.0
007 - PHYSICAL DESCRIPTION FIXED FIELD--GENERAL INFORMATION
fixed length control field vd cvaizs
008 - FIXED-LENGTH DATA ELEMENTS--GENERAL INFORMATION
fixed length control field 120912s2012 vau a vleng d
024 1# - OTHER STANDARD IDENTIFIER
Standard number or code 841887016858
028 42 - PUBLISHER NUMBER
Publisher number DITR609
037 ## - SOURCE OF ACQUISITION
Stock number DITR609
Source of stock number/acquisition www.Micromarketing.org 800-229-9887
Terms of availability 12.98
040 ## - CATALOGING SOURCE
Original cataloging agency MM LLC
Language of cataloging eng
Transcribing agency MM LLC
Description conventions
082 0# - DEWEY DECIMAL CLASSIFICATION NUMBER
Classification number 791.43/72
Edition number 23
092 ## - LOCALLY ASSIGNED DEWEY CALL NUMBER (OCLC)
Classification number EDVD
Item number Din
245 00 - TITLE STATEMENT
Title Dinosaur train : big, big, big.
246 0# - VARYING FORM OF TITLE
Title proper/short title Big, big, big.
250 ## - EDITION STATEMENT
Edition statement Widescreen ed.
260 ## - PUBLICATION, DISTRIBUTION, ETC. (IMPRINT)
Place of publication, distribution, etc Alexandria, VA:
Name of publisher, distributor, etc PBS Kids,
Date of publication, distribution, etc 2012.
263 ## - PROJECTED PUBLICATION DATE
Projected publication date 08/28/2012.
264 ## - Production, Publication, Distribution, Manufacture, and Copyright Notice.
Place of production, publication, distribution, manufacture Alexandria, VA:
Name of producer, publisher, distributor, manufacturer PBS Kids,
Date of production, publication, distribution, manufacture, or copyr 2012.
300 ## - PHYSICAL DESCRIPTION
Extent 1 videodisc (ca. 100 min.) :
Other physical details sd., col. ;
Dimensions 4 3/4 in.
505 ## - FORMATTED CONTENTS NOTE
Title Remember the alamosaurus--
-- Heck of a neck--
-- An apatosaurus adventure--
-- Arnie rides the flat car--
-- Ned the quadruped--
-- One big dinosaur--
-- Dinosaur poop--
-- All kinds of families.
520 ## - SUMMARY, ETC.
Summary, etc Buddy and the Pteranodon kids hop on the Dinosaur Train to meet some of the biggest dinosaurs around! They meet Allie Alamosaurus an enormous long-necked plant-eating sauropod; Denise Diplodocus whose neck and tail the kids mistake for a snake and a bridge; and Apollo Apatosaurus a huge long-necked long-tailed dinosaur looking for adventure. Finally they visit their old friend Arnie Argentinosaurus who has gotten too big to ride the Dinosaur Train-until Tiny and Buddy arrange for him to ride on the new flatbed car!
521 8# - TARGET AUDIENCE NOTE
Target audience note MPAA rating: G.
538 ## - SYSTEM DETAILS NOTE
System details note DVD.
546 ## - LANGUAGE NOTE
Language note English audio.
546 ## - LANGUAGE NOTE
Language note English subtitles for the deaf and hard of hearing.
650 #1 - SUBJECT ADDED ENTRY--TOPICAL TERM
Topical term or geographic name as entry element Dinosaurs
Form subdivision Children's films.
9 (RLIN) 6373297
710 2# - ADDED ENTRY--CORPORATE NAME
Corporate name or jurisdiction name as entry element PBS Kids (Firm)
9 (RLIN) 5886592
942 ## - ADDED ENTRY ELEMENTS (KOHA)
Koha item type DVD
Source of classification or shelving scheme Dewey Decimal Classification
948 ## - LOCAL PROCESSING INFORMATION (OCLC); SERIES PART DESIGNATOR (RLIN)
Series part designator, SPT (RLIN) 02/24/2014
z (OCLC) Sirsi
Holdings
Withdrawn status Lost status Source of classification or shelving scheme Damaged status Not for loan Collection code Home library Current library Shelving location Date acquired Source of acquisition Cost, normal purchase price Total Checkouts Total Renewals Full call number Barcode Date last seen Date checked out Cost, replacement price Price effective from Koha item type
    Dewey Decimal Classification     Children Movies Wasatch County Library Wasatch County Library Audio Visual Area 02/24/2014   12.95 24 3 E DVD Din 34301001377540 01/23/2025 04/17/2024 12.95 03/20/2020 DVD
This project was made possible through a grant from the Institute of Museum and Library Service administered by the Utah State Library Division.

Wasatch County Library

  • 465 East 1200 South, Heber City, Utah 84032
  • Phone 435-654-1511 | Fax 435-654-6456

Hours

  • Monday - Friday 9:30 AM - 8:00 PM
  • Saturday 9:30 AM - 1:30 PM
  • Closed Sundays and Holidays